Obiekty geograficzne z obszaru Polski - Statystyki

Ogólne statystyki
  • Ten quiz został rozwiązany 329 razy
  • Średni wynik to 27 z 70
Statystyki odpowiedzi
Obrazkowy Odpowiedź % Poprawnych
Gdańsk
56%
Odra
56%
Kraków
55%
Toruń
55%
Warszawa
55%
Warta
55%
Wisła
55%
Bydgoszcz
53%
Gdynia
53%
Kielce
53%
Olsztyn
53%
Rzeszów
53%
Gorzów Wielkopolski
52%
Zakopane
52%
Białystok
51%
Lublin
51%
Szczecin
51%
Wrocław
51%
Bug
49%
Łódź
49%
Radom
49%
Katowice
47%
Opole
47%
Poznań
45%
Narew
44%
Płock
44%
San
44%
Śniardwy
44%
Tatry
42%
Bieszczady
41%
Noteć
41%
Nysa Łużycka
41%
Pojezierze Pomorskie
41%
Dunajec
40%
Nizina Mazowiecka
38%
Siedlce
38%
Żuławy Wiślane
38%
Nizina Podlaska
37%
Karpaty
36%
Pojezierze Wielkopolskie
36%
Zalew Szczeciński
36%
Ostrołęka
34%
Pilica
34%
Pobrzeże Gdańskie
34%
Pobrzeże Szczecińskie
34%
Pojezierze Mazurskie
34%
Wieprz
34%
Zalew Wiślany
34%
Nizina Wielkopolska
33%
Karkonosze
32%
Pobrzeże Koszalińskie
32%
Góry Świętokrzyskie
30%
Łebsko
29%
Nizina Śląska
29%
Biebrza
27%
Sudety
27%
Wyżyna Krakowsko-Częstochowska
27%
Wyżyna Śląska
27%
Bzura
26%
Nysa Kłodzka
26%
Wigry
26%
Wyżyna Lubelska
26%
Hańcza
23%
Nida
22%
Polesie Lubelskie
21%
Jezioro Włocławskie
19%
Jezioro Zegrzyńskie
19%
Niecka Nidziańska
19%
Jezioro Jeziorsko
15%
Jezioro Sulejowskie
12%
Nie znaleziono quizów pasujących do podanych kryteriów
Rozkład punktacji
Procent ludzi z każdym wynikiem
Percentyl według liczby udzielonych odpowiedzi
Twoja historia wyników
Nie rozwiązałeś tego quizu